Management and Accountability of Local Government Finances (Record no. 2003)

MARC details
000 -LEADER
fixed length control field 00362nam a22001337a 4500
008 - FIXED-LENGTH DATA ELEMENTS--GENERAL INFORMATION
fixed length control field 250220b |||||||| |||| 00| 0 eng d
020 ## - INTERNATIONAL STANDARD BOOK NUMBER
ISBN 9789789157129
100 ## - MAIN ENTRY--AUTHOR
Author YAHAYA, W. Yahaya
245 ## - TITLE STATEMENT
Title Management and Accountability of Local Government Finances
260 ## - PUBLICATION, DISTRIBUTION, ETC. (IMPRINT)
Place of publication Bauchi
Name of publisher Ramadan Press
Date of publication 2011
300 ## - COLLATION
Pagination 181p.
942 ## - ADDED ENTRY ELEMENTS (KOHA)
Item type Books
050 ## - LIBRARY OF CONGRESS CALL NUMBER
Classification number HD38.1541
Item number .Y34
Holdings
Source of classification or shelving scheme Not for loan Permanent location Current location Date acquired Accession No. Full call number Barcode. Koha item type
Library of Congress Classification   Samuel Ogbemudia Main Library, University of Abuja Samuel Ogbemudia Main Library, University of Abuja 02/20/2025 2012/43255 HD38.1541.Y34 2025-0141 Books